Mythologies of the ancient world / (Record no. 6918)
[ view plain ]
| 000 -LEADER | |
|---|---|
| fixed length control field | 01340pam a2200241 4500 |
| 001 - CONTROL NUMBER | |
| control field | 8036 |
| 005 - DATE AND TIME OF LATEST TRANSACTION | |
| control field | 20181127184934.0 |
| 010 ## - LIBRARY OF CONGRESS CONTROL NUMBER | |
| LC control number | 89035034 |
| 020 ## - INTERNATIONAL STANDARD BOOK NUMBER | |
| International Standard Book Number | 0385095678 : |
| Terms of availability | $8.95 ($10.95 Can.) |
| 082 00 - DEWEY DECIMAL CLASSIFICATION NUMBER | |
| Classification number | 291.1/3/093 |
| Edition number | 20 |
| 100 ## - MAIN ENTRY--PERSONAL NAME | |
| Personal name | Kramer, Samuel Noah. |
| Numeration | |
| Titles and words associated with a name | |
| Dates associated with a name | |
| Relator term | |
| Fuller form of name | |
| 245 00 - TITLE STATEMENT | |
| Title | Mythologies of the ancient world / |
| Statement of responsibility, etc. | edited and with an introduction by Samuel Noah Kramer ; with contributions by Rudolf Anthes ... [et al.]. |
| 260 ## - PUBLICATION, DISTRIBUTION, ETC. | |
| Place of publication, distribution, etc. | New York : |
| Name of publisher, distributor, etc. | Anchor Books, |
| Date of publication, distribution, etc. | 1989, c1961. |
| 300 ## - PHYSICAL DESCRIPTION | |
| Extent | 480 p. ; |
| Dimensions | 21 cm. |
| 500 ## - GENERAL NOTE | |
| General note | Includes index. |
| General note | Reprint. Originally published: Garden City, N.Y. : Doubleday, 1961. |
| 504 ## - BIBLIOGRAPHY, ETC. NOTE | |
| Bibliography, etc. note | Bibliography: p. [470]-472. |
| 505 ## - FORMATTED CONTENTS NOTE | |
| Formatted contents note | CONTENTS: Introduction, Samuel Noah Kramer -- Mythology in ancient Egypt, Rudolf Anthes -- Mythology of Sumer and Akkad, Samuel Noah Kramer -- Hittite mythology, Hans G. Güterbock -- Canaanite mythology, Cyrus H. Gordon -- Mythology of ancient Greece, Michael H. Jameson -- Mythology of India, W. Norman Brown -- Mythology of ancient Iran, M.J. Dresden - - Myths of ancient China, Derk Bodde -- Japanese mythology, E. Dale Saunders -- Mythology of ancient Mexico, Miguel León-Portilla. |
| Miscellaneous information | |
| Statement of responsibility | |
| Title | |
| 650 #0 - SUBJECT ADDED ENTRY--TOPICAL TERM | |
| Topical term or geographic name entry element | Mythology. |
| 700 1# - ADDED ENTRY--PERSONAL NAME | |
| Personal name | Anthes, Rudolf. |
| Personal name | Kramer, Samuel Noah, |
| Dates associated with a name | 1897-1990. |
| Withdrawn status | Lost status | Source of classification or shelving scheme | Damaged status | Not for loan | Collection code | Home library | Current library | Shelving location | Serial Enumeration / chronology | Inventory number | Total Checkouts | Full call number | Barcode | Date last seen | Price effective from | Koha item type |
|---|---|---|---|---|---|---|---|---|---|---|---|---|---|---|---|---|
| Dewey Decimal Classification | Main TEST | RTC Library | RTC Library | Main opac | 12121 | 291 KRA | 30012106 | 27/11/2018 | 27/11/2018 | Main |